01178 a2200169 45000010006000000050017000060080041000230030015000640400040000790800099001192450039002182640030002573000019002875050647003061000020009537000035009732518820260407155535.0260407a1970 arg spa dAR-UNSa-BCEJYS aAR-UNSa-BCEJYSbspacAR-UNSa-BCEJYS a519.22xTeoría estadística. Modelos estadísticos. Estadística matemática en general 10aCurso de estadística descriptiva 1aMadrid :bParaninfoc1970 a563 p.c22 cm. a1. La estadística descriptiva.Generalidades - 2. Distribuciones estadística de un caracter.Tablas estdísticas.Representación gráfica - 3. Descripción numerica de una varible estadística.Cracteristicas de posicion,dispersión y concentración - 4. Distribuciones teóricas de una varibale - 5. Distribuciones estadísticas de dos caracteres.Tablas estdísticas.Representación grafíca - 6.Descripción numérica de las series estadísticas de dos caracteres cuantitativos (variables estadisticas bidimensionales)- 7. Series cronológicas.presetanción - 8. Análisis de serie cronológicas - 9. Números indices.1 aCalot, Gérard1 aCano Sevilla, Francisco José